000 00317nam a22001457a 4500
008 210310b ||||| |||| 00| 0 eng d
020 _a9780023035647
041 _aeng
080 _a82
082 _a82
100 _a21
101 _aGJL
245 _aWriting Through Literature
_cAnstending, L
942 _2udc
_cBK
999 _c56120
_d56120